Devine la marque de vêtement - Statistiques

Statistiques générales
  • Ce quiz a été pris 195 fois
  • Le résultat moyen est 12 sur 16
Statistiques - réponses
Par images Réponse % Correct
levi's
99%
h&m
98%
calvin klein
95%
zara
95%
fila
94%
the north face
86%
pull and bear
83%
tommy
83%
mango
76%
newyorker
67%
ellesse
64%
champion
58%
ralph lauren
53%
jennyfer
47%
zalando
34%
superdry
26%
Aucun quiz correspondant
Distribution des résultats
% des personnes avec chaque résultat
Percentile par nombre de réponses
Votre historique - résultats
Vous n’avez pas pris ce quiz